000 00622cam a2200217 4500
999 _c20711
_d20711
001 279148
003 BDDh-ASL
005 20231015025927.0
008 700821s1964 nyu 001 0 eng
010 _a 64009828
040 _aDLC
_cDLC
_dDLC
_dBDDh-ASL
050 0 0 _aBP109
_b.A7 1955a
082 0 0 _a297.12
_bQUK
100 1 _91634
_aArberry, A. J.
130 _aKoran. English.
245 1 4 _aThe Koran interpreted /
_cby Arthur J. Arberry. Combined in one volume.
260 _aNew York:
_bMacmillan
_c[c1964]
300 _a675 p.
_c16 cm.
906 _a7
_bcbc
_corignew
_du
_encip
_f19
_gy-gencatlg
942 _2ddc
_cBK